000 00460cam a2200205 4500
001 356323
005 20180201081307.0
008 700120s1969 dcua 000 0 eng
010 _a 76604428
040 _aDLC
_cDLC
_dOCoLC
_dDLC
041 _aeng
080 _a641.3
082 0 0 _a641.3
100 _a10
101 _anut
245 1 0 _aFood for us all.
350 _a3.50
906 _a7
_bcbc
_corignew
_du
_encip
_f19
_gy-gencatlg
942 _2ddc
_cBK
999 _c41539
_d41539